| 000 | 00585nam a2200157 a 4500 | ||
|---|---|---|---|
| 005 | 20140513081056.0 | ||
| 008 | 070202s19uu xx 00 eng d | ||
| 050 |
_aVCD _bCl583 2005 |
||
| 245 |
_aClassic fairy tales : _bthe VCD that reads with me!. |
||
| 260 |
_bMagnavision, _c2005. |
||
| 440 | _aKicsFlix | ||
| 500 | _aVolume 1appropriate to children of two years and above | ||
| 520 | _a3 great stories such as Humpty Dumty hard boiled, The three little pigs, and the little red hen | ||
| 650 | _aHumpty Dumpty hard boiled: three little pigs; the little red hen | ||
| 999 |
_c116506 _d116506 |
||